Handbook of population and family economics (Record no. 7151)

MARC details
000 -LEADER
fixed length control field 00622 a2200205 4500
001 - CONTROL NUMBER
control field 132805
003 - CONTROL NUMBER IDENTIFIER
control field OSt
005 - DATE AND TIME OF LATEST TRANSACTION
control field 20220225111955.0
008 - FIXED-LENGTH DATA ELEMENTS--GENERAL INFORMATION
fixed length control field
020 ## - INTERNATIONAL STANDARD BOOK NUMBER
International Standard Book Number 0444826459
082 ## - DEWEY DECIMAL CLASSIFICATION NUMBER
Classification number 304.6
Item number H19H
245 1# - TITLE STATEMENT
Title Handbook of population and family economics
Statement of responsibility, etc edited by Mark R Rosenzweig and Oded Stark
260 ## - PUBLICATION, DISTRIBUTION, ETC. (IMPRINT)
Place of publication, distribution, etc Amsterdam
Name of publisher, distributor, etc Elsevier
Date of publication, distribution, etc 2005
300 ## - PHYSICAL DESCRIPTION
Extent 643p.
Type of unit 643 p.
490 ## - SERIES STATEMENT
Series statement Handbook in economics
690 ## - LOCAL SUBJECT ADDED ENTRY--TOPICAL TERM (OCLC, RLIN)
Topical term or geographic name as entry element Population-Economic aspects; Family demography-Economic aspects
700 ## - ADDED ENTRY--PERSONAL NAME
Personal name Rosenzweig, Mark R
Relator term Editor
700 ## - ADDED ENTRY--PERSONAL NAME
Personal name Stark, Oded
Relator term Editor
942 ## - ADDED ENTRY ELEMENTS (KOHA)
Source of classification or shelving scheme Dewey Decimal Classification
Koha item type Books
Holdings
Withdrawn status Lost status Source of classification or shelving scheme Damaged status Not for loan Collection code Home library Current library Date acquired Source of acquisition Total Checkouts Full call number Barcode Date last seen Price effective from Koha item type
    Dewey Decimal Classification     General Text Book Central University Of Rajasthan Central University Of Rajasthan 10/07/2012 ECO   304.6 H19H 10437 21/11/2024 02/09/2020 Books